Osídlenie Novohradskej stolice v stredoveku /

Uloženo v:
Podrobná bibliografie
Hlavní autor: Sitár, Tomáš, 1980- (Autor)
Médium: Kniha
Jazyk:slovenština
Vydáno: Krná : Miloš Hric ; Mesto Lučenec, 2019
Vydání:Prvé vydanie
Témata:
ISBN:9788097211288
On-line přístup: Získat plný text
Tagy: Přidat tag
Žádné tagy, Buďte první, kdo vytvoří štítek k tomuto záznamu!

MARC

LEADER 00000nam a2200000 4500
003 SK-BrCVT
005 20220621183804.0
006 aab e 001 0d
008 190403s2019 xo ab e 001 0dslo#d
020 |a 9788097211288   |q (viaz.) 
035 |a CVTIDW0070186 
040 |a SNK  |b slo  |c SVKBB  |e rda  |d CVTI SR 
041 0 |a slo  |b eng  |b slo 
044 |a xo  |c SK 
080 |a 94  |2 2008 
080 |a 325  |2 2011 
080 |a 94"04/14"  |2 2011 
080 |a 93/94-027.541  |2 2011 
080 |a 94(437.6)  |2 2001 
080 |a (048.8)  |2 2011 
100 1 |a Sitár, Tomáš,  |d 1980-  |4 aut 
245 1 0 |a Osídlenie Novohradskej stolice v stredoveku /  |c Tomáš Sitár 
250 |a Prvé vydanie 
260 |a Krná :  |b Miloš Hric ;  |b Mesto Lučenec,  |c 2019 
300 |a 947 s. :  |b lit., mapy ;  |c 25 cm +  |e 1 voľná príloha 
336 |a text  |b txt  |2 rdacontent 
336 |a kartografický obraz  |b cri  |2 rdacontent 
337 |a bez média  |b n  |2 rdamedia 
338 |a zväzok  |b nc  |2 rdacarrier 
338 |a list  |2 nb  |2 rdacarrier 
650 0 7 |a osídľovanie  |2 SNKPH 
650 0 7 |a stredovek  |2 SNKPH 
650 0 7 |a regionálne dejiny  |2 SNKPH 
650 0 7 |a Land settlement  |2 SNKPHeng 
650 0 7 |a Middle ages  |2 SNKPHeng 
650 0 7 |a Regional history  |2 SNKPHeng 
651 7 |a Novohrad (Slovensko : región)  |2 SNKPH 
651 7 |a Novohrad (Slovakia : region)  |2 SNKPHeng 
655 7 |a odborné publikácie  |2 SNKPHeng 
655 7 |a monografie  |2 SNKPH 
852 |a CVTISR  |b 1 
901 |a 1 Slovenská národná knižnica Martin (SNK)  |b 20190403140601  |d clas01  |u z3950.snk.sk:1111  |i vtls011858671  |m 20190328102200.0 
910 |b A627656 
919 |a 978-80-972112-8-8 
959 |a 02 
974 |a katarina.repata  |f Knihy 
992 |a AMG 
992 |a APH 
999 |c 266638  |d 266638